En defensa propia : como salir de la corrupción /

Guardado en:
Autor Principal: Moreno Ocampo, Luis
Otros Autores: De Michele, Roberto
Formato: Libro
Publicado: Buenos Aires : Sudamericana, 1993
Materias:
Etiquetas: Agregar Etiqueta
Sin Etiquetas, Sea el primero en etiquetar este registro!
LEADER 00639nam a22002175a 4500
001 CEM.cems007382
005 20060214000000.0
008 130507s1993##################000#0#####d
003 CEMS
082 0 4 |a 351.9 
100 1 |a Moreno Ocampo, Luis 
245 1 0 |a En defensa propia :  |b como salir de la corrupción / 
260 |a Buenos Aires :  |b Sudamericana,  |c 1993 
300 |a 397 p. 
653 |a Administracion publica-control 
653 |a Corrupcion 
653 |a Corrupcion-historia 
653 |a Etica 
653 |a Subdesarrollo y corrupcion 
700 1 |a De Michele, Roberto 
859 |a CEMS  |b BIB. CEMS - 11 de abril  |h 351.9  |i M815  |p 17268.93  |t Ej.1